| 000 | 00325nam a2200121 a 4500 | ||
|---|---|---|---|
| 082 | 0 | 0 |
_a954.031 _bHUT |
| 100 | 1 |
_aHunter, W. W. _950550 |
|
| 245 | 1 | 0 |
_aLord Wellesley _cHunter, W. W. |
| 260 |
_alondon : _boxford, _c1893. |
||
| 300 |
_aviii, 214 p. ; _c22 cm. |
||
| 526 |
_a0 _b0 _c0 _d954_031000000000000_HUT |
||
| 942 |
_2ddc _cBK |
||
| 999 |
_c553297 _d553297 |
||